Statistics for Marvel Teams by Picture

Click here to take the quiz!

General Stats

  • This quiz has been taken 37 times
  • The average score is 9 of 16

Answer Stats

Answer% Correct
Avengers
100%
Guardians of the Galaxy
100%
Fantastic Four
97%
X-Men
97%
Inhumans
81%
S.H.I.E.L.D.
68%
Big Hero 6
65%
Eternals
54%
Alpha Flight
35%
New Warriors
30%
Pet Avengers
30%
Power Pack
27%
Champions
22%
Winter Guard
22%
Great Lakes Champions
19%
Agents of Atlas
14%

Score Distribution

Percentile by Number Answered

Percent of People with Each Score

Your Score History

You have not taken this quiz